000 01283nam a2200253Ia 4500
999 _c55915
_d55915
001 23013
003 GE_BSU
005 20230504121220.0
008 181216s1991||||ge |||||||||||||| ||geo||
040 _cGE_BSU
041 _ageo
080 _a821.353.1(092რუსთაველი, შ.) გ-19
100 _aგამსახურდია, ზ.
_95590
245 _aვეფხისტყაოსნის სახისმეტყველება /
_cზ. გამსახურდია; რედ.: სარგის ცაიშვილი; საქ. მეცნ. აკად., რუსთაველის სახ. ქართ. ლიტ. ინ-ტი.
264 _aთბილისი :
_bმეცნიერება,
_c1991.
300 _a356 გვ. ;
_b20 სმ.
504 _aბიბლიოგრ.: გვ. 343.
520 _aრეზ. ინგლ. ენ..
541 _h9ლ. 60 თ
653 _aვეფხისტყაოსნის სახისმეტყველება
653 _aრუსთაველი შოთა და მისი "ვეფხისტყაოსანი"
700 _aცაიშვილი, სარგის
_eრედაქტორი
_95577
942 _cBK
_2udc